000 00502nam a22001817a 4500
003 BD-ChCU
005 20251124093504.0
008 251124b bg ||||| |||| 00| 0 ben d
040 _cBD-ChCU
082 _a398.20954 SOO(2)
100 _aSomadeva,
_916716
245 _aThe Ocean of story (Katha Sarit Sagara).//
250 _a2nd Rev. ed.
260 _aDelhi.
_bMotilal Banarasidass.
_c1968
300 _aVol.1-10
650 0 _aLegends - India. Sanskrit Literature
_916718
942 _2ddc
_cBK
_n0
999 _c109738
_d109738